| 000 | 00412nam a2200169Ia 4500 | ||
|---|---|---|---|
| 001 | 25384 | ||
| 003 | IN-NITTTR | ||
| 005 | 20251114233322.0 | ||
| 008 | 251113s9999||||xx |||||||||||||| ||eng|| | ||
| 040 | _beng | ||
| 040 | _cIN-NITTTR | ||
| 041 | _aeng | ||
| 082 | _a620.00420285 T437A | ||
| 100 | _aTickoo, Sham | ||
| 245 | 0 |
_aAutoCAD LT 2000 : _b a problem-solving approach. / _cTickoo, Sham |
|
| 942 |
_2ddc _cBK |
||
| 999 |
_c28013 _d28013 |
||